000
00270nam a2200109Ia 4500
001
1276004
005
20260417160439.0
008
260417s9999 xx 000 0 und d
020
_a
9786256698178
245
0
_a
Şimdi Olmaz Nur!
_c
Farhana Islam
260
_b
Ketebe Çocuk
999
_c
1276004
_d
1276004